| 000 | 00917cam a2200301 i 4500 | ||
|---|---|---|---|
| 001 | 768714001 | ||
| 003 | CO-MdBIC | ||
| 005 | 20231130094240.0 | ||
| 008 | 231130s1994 -us||||| |||| 00| 0 spa d | ||
| 020 | _a0-88113-186-5 | ||
| 040 |
_bspa. _aCO-MdFUSB _cCO-MdFUSB _dCO-MdFUSBC _erda |
||
| 041 | _aspa | ||
| 082 | 0 | 4 | _aG 231.3 S9784m |
| 100 | 1 | _aSwindoll, Charles R. | |
| 245 | 1 | 0 |
_aMás cerca de la llama : La pasión por el Espíritu Santo / Charles R. Swindoll ; Miguel Mesías, Traductor _c/ |
| 250 | _a3 | ||
| 264 | 1 |
_aMiami, FL., USA : Betania _bBetania, _c[1994] |
|
| 264 | 4 | _c©1994 | |
| 300 |
_a256 Pag _c; |
||
| 336 |
_atexto _btxt _2rdacontent |
||
| 337 |
_2rdamedia _asin mediación _bn |
||
| 338 |
_2rdacarrier _avolumen _bnc |
||
| 500 | _aTítulo original : Flying closer to the flame | ||
| 650 | 1 | 0 |
_aEspíritu Santo _950 |
| 650 | 1 | 0 |
_aVida cristiana _919 |
| 942 | _cBK | ||
| 945 | _ajohan1477 | ||
| 999 |
_c34467 _d34467 |
||